000 01256pam a2200349 a 4500
001 2386805
003 OSt
005 20140310181632.0
008 850716s1986 cau b 001 0 eng
010 _a 85015391
020 _a0534061443 (pbk.)
040 _aDLC
_cDLC
_dDLC
050 0 0 _aHQ 1075
_b.Ok41 1986
082 0 0 _aTR 305.3
_bKe29 1986
100 1 _aO'Kelly, Charlotte G.
245 1 0 _aWomen and men in society :
_bcross-cultural perspectives on gender stratification /
_cCharlotte G. O'Kelly, Larry S. Carney.
250 _a2nd ed.
260 _aBelmont, Calif. :
_bWadsworth Pub. Co.,
_cc1986.
300 _axi, 336 p. ;
_c24 cm.
500 _aIncludes Index
520 _a1. Sex role--Cross-cultural studies 2. Sexism--cross--cultural studies 3. Sexual division of labor--cross cultural studies
521 _aFaculty
541 _j1
562 _eFor circulation. One copy is available in the collection
650 0 _aSex role
_xCross-cultural studies.
650 0 _aSexism
_xCross-cultural studies.
650 0 _aSexual division of labor
_xCross-cultural studies.
700 1 _aCarney, Larry S.
740 0 _aWomen & men in society.
906 _a7
_bcbc
_corignew
_d1
_eocip
_f19
_gy-gencatlg
942 _2lcc
_cBK-TR
_kTR
999 _c550
_d550